| 000 | 00944cam a2200277 a 4500 | ||
|---|---|---|---|
| 001 | 2925744 | ||
| 003 | ARRUPE | ||
| 005 | 20131126135719.0 | ||
| 008 | 900104s1990 nyu b 001 0 eng | ||
| 010 | _a 89014407 | ||
| 020 |
_a0814718299 (alk. paper) : _c$35.00 |
||
| 040 |
_aDLC _cDLC _dDLC |
||
| 050 | 0 | 0 |
_aP37 _b.D4 1990 |
| 100 | 1 |
_aDe Gramont, Patrick, _d1937- _93944 |
|
| 245 | 1 | 0 |
_aLanguage and the distortion of meaning / _cPatrick de Gramont. |
| 260 |
_aNew York : _bNew York University Press, _cc1990. |
||
| 300 |
_axi, 292 p. ; _c24 cm. |
||
| 440 | 0 |
_aPsychoanalytic crosscurrents _93945 |
|
| 504 | _aIncludes bibliographical references (p. 273-287) and index. | ||
| 650 | 0 |
_aPsycholinguistics. _93946 |
|
| 650 | 0 |
_aMeaning (Psychology) _93947 |
|
| 650 | 0 |
_aLanguage and languages _xPhilosophy. _93948 |
|
| 650 | 0 |
_aChildren _xLanguage. _93949 |
|
| 906 |
_a7 _bcbc _corignew _d1 _eocip _f19 _gy-gencatlg |
||
| 942 |
_2lcc _cMONOGRAPH |
||
| 999 |
_c118710 _d118710 |
||